00618nam a2200181 i 4500001000300000100001900003245009200022260004800114300002300162040000800185041000800193080001100201942000700212008004100219999001700260856009800277952006100375bg1 aFRANK, Michał 0aOrganizacja pomiaru i rozliczania ciepła w systemach ciepłowniczych /cMichał Frank. aWarszawa :bCentr. Ośr. Inf. Bud.,c1976. as. 22 :brys. tab. cBPK apol a681.12 cKS s pl f |000 0 pol  c17056d17056 uhttp://koha.tu.koszalin.pl/cgi-bin/koha/opac-detail.pl?biblionumber=17056yKatalog online BPK 00104070aBPKbBPKcwo21630p01698633s2022-09-05yKS